Normal view
MARC view
Entry Topical Term
001 - CONTROL NUMBER
- control field: 21330
003 - CONTROL NUMBER IDENTIFIER
- control field: ARRUPE
005 - DATE AND TIME OF LATEST TRANSACTION
- control field: 20151215091806.0
008 - FIXED-LENGTH DATA ELEMENTS
- fixed length control field: 151215|| aca||aabn | a|a d
040 ## - CATALOGING SOURCE
- Original cataloging agency: ARRUPE
- Transcribing agency: ARRUPE
150 ## - HEADING--TOPICAL TERM
- Topical term or geographic name as entry element: English language
- General subdivision: Dictionaries
- General subdivision: Twi
670 ## - SOURCE DATA FOUND
- Source citation: Work cat.: (ARRUPE): Kotey, Paul A 21328, Twi-English/English Twi dictionary, 1996